LEADER 00740nam0-22002771i-450- 001 990000021330403321 035 $a000002133 035 $aFED01000002133 035 $a(Aleph)000002133FED01 035 $a000002133 100 $a20011111d--------km-y0itay50------ba 101 0 $aita 105 $ay-------001yy 200 1 $aTechnique du modelage industriel$fO. Querut. 210 $aParis Liege$cLibrairie politechnique Beranger$d1949 215 $aVIII, 125 p.$cill.$d24 cm 610 0 $aModelli di fonderia 676 $a671.2 700 1$aQuerut,$bO. 801 0$aIT$bUNINA$gRICA$2UNIMARC 901 $aBK 912 $a990000021330403321 952 $a13 C 73 11$b19954$fFINBC 959 $aFINBC 997 $aUNINA DB $aING01 LEADER 00970nam a22002531i 4500 001 991002783939707536 005 20030808092415.0 008 030925s1894 it |||||||||||||||||ita 035 $ab12338370-39ule_inst 035 $aARCHE-038591$9ExL 040 $aBiblioteca Interfacoltà$bita$cA.t.i. Arché s.c.r.l. Pandora Sicilia s.r.l. 082 04$a851.8 100 1 $aTafuri, Arturo$0452455 245 10$aOdi bizantine :$bcon un sonetto liminare a Giosuè Carducci : 1888-1893 /$cArturo Tafuri 260 $aSondrio :$bEmilio Quadrio,$c1894 300 $a220 p., 1 c. di tav. ;$c19 cm 650 4$aPoesia lirica 650 4$aCarducci, Giosuè 907 $a.b12338370$b02-04-14$c08-10-03 912 $a991002783939707536 945 $aLE002 Sal. II C 40 (Fondo Guerrieri)$g1$i2002000152695$lle002$o-$pE0.00$q-$rn$so $t0$u0$v0$w0$x0$y.i12740561$z08-10-03 996 $aOdi bizantine$9159473 997 $aUNISALENTO 998 $ale002$b08-10-03$cm$da $e-$fita$git $h0$i1